<?xml version="1.0" encoding="UTF-8"?>
<record
    xmlns:xsi="http://www.w3.org/2001/XMLSchema-instance"
    xsi:schemaLocation="http://www.loc.gov/MARC21/slim http://www.loc.gov/standards/marcxml/schema/MARC21slim.xsd"
    xmlns="http://www.loc.gov/MARC21/slim">

  <leader>00737na  a2200241   4500</leader>
  <controlfield tag="001">20152</controlfield>
  <controlfield tag="003">MIRAKIL</controlfield>
  <controlfield tag="005">20181213155127.0</controlfield>
  <controlfield tag="008">170105b        tu            000 0      </controlfield>
  <datafield tag="040" ind1=" " ind2=" ">
    <subfield code="a">Milas</subfield>
    <subfield code="b">tur</subfield>
    <subfield code="c">TR-AnCHP</subfield>
  </datafield>
  <datafield tag="041" ind1=" " ind2=" ">
    <subfield code="a">tur</subfield>
  </datafield>
  <datafield tag="082" ind1=" " ind2=" ">
    <subfield code="a">070.1906</subfield>
    <subfield code="b">T67k [t.y.]</subfield>
  </datafield>
  <datafield tag="090" ind1=" " ind2=" ">
    <subfield code="a">070.1906 T67k [t.y.]</subfield>
  </datafield>
  <datafield tag="110" ind1=" " ind2=" ">
    <subfield code="a">TRT</subfield>
  </datafield>
  <datafield tag="245" ind1=" " ind2=" ">
    <subfield code="a">Kamu Hizmeti Yay&#x131;nc&#x131;l&#x131;&#x11F;&#x131; ve TRT</subfield>
    <subfield code="c">T&#xFC;rkiye Radyo Televizyon Kurumu</subfield>
  </datafield>
  <datafield tag="260" ind1=" " ind2=" ">
    <subfield code="a">[Ankara]</subfield>
    <subfield code="b">TRT</subfield>
    <subfield code="c">[t.y.]</subfield>
  </datafield>
  <datafield tag="300" ind1=" " ind2=" ">
    <subfield code="a">91 s.</subfield>
    <subfield code="c">19 sm.</subfield>
  </datafield>
  <datafield tag="610" ind1=" " ind2=" ">
    <subfield code="a">T&#xFC;rkiye Radyo Televizyon Kurumu (TRT)</subfield>
    <subfield code="x">Faaliyetler</subfield>
    <subfield code="y">Hizmetler</subfield>
  </datafield>
  <datafield tag="650" ind1=" " ind2=" ">
    <subfield code="a">Yay&#x131;n ortamlar&#x131;</subfield>
    <subfield code="x">Kamu yay&#x131;nc&#x131;l&#x131;&#x11F;&#x131;</subfield>
    <subfield code="y">Televizyon</subfield>
  </datafield>
  <datafield tag="650" ind1=" " ind2=" ">
    <subfield code="a">Yay&#x131;n organlar&#x131;</subfield>
    <subfield code="x">Kamu yay&#x131;nc&#x131;l&#x131;&#x11F;&#x131;</subfield>
    <subfield code="y">Radyo</subfield>
  </datafield>
  <datafield tag="710" ind1=" " ind2=" ">
    <subfield code="a">TRT</subfield>
  </datafield>
  <datafield tag="942" ind1=" " ind2=" ">
    <subfield code="2">ddc</subfield>
    <subfield code="c">BKS</subfield>
  </datafield>
  <datafield tag="952" ind1=" " ind2=" ">
    <subfield code="a">0001</subfield>
    <subfield code="b">0001</subfield>
    <subfield code="d">2017-01-05</subfield>
    <subfield code="e">2</subfield>
    <subfield code="l">0</subfield>
    <subfield code="o">070.1906 T67k [t.y.]</subfield>
    <subfield code="p">010929</subfield>
    <subfield code="r">2017-01-05 00:00:00</subfield>
    <subfield code="v">0.00</subfield>
    <subfield code="w">2017-01-05</subfield>
    <subfield code="y">BKS</subfield>
  </datafield>
  <datafield tag="999" ind1=" " ind2=" ">
    <subfield code="c">7081</subfield>
    <subfield code="d">7081</subfield>
  </datafield>
</record>
